| 000 | 00822nam a22002417a 4500 | ||
|---|---|---|---|
| 005 | 20241128114647.0 | ||
| 010 | _aENG-142694 | ||
| 020 |
_c835.00 _a9789361591068 |
||
| 035 | _aEN-126226 | ||
| 037 | _bDBAD | ||
| 082 |
_a330 _27 |
||
| 100 |
_aKeat, Paul G. _974206 |
||
| 245 |
_aManagerial Economics: _bEconomic Tools for Todays Decision Makers/ _cBy Paul G. Keat...[et.al] |
||
| 250 | _a7 | ||
| 260 |
_aUttar Pradesh _bPearson India Education Pvt Ltd _c2025 |
||
| 270 |
_bUttar Pradesh _a1st FLoor, Berger Tower, Plot No. C-001A/2, Sector-16B, Noida _e201301 |
||
| 300 |
_axxiv,605p. _c25cm(pb) _bIndex |
||
| 500 | _a | ||
| 700 |
_aYoung, Philip K. _eAuthor _974195 |
||
| 700 |
_aErfle, Steve _eAuthor _974196 |
||
| 700 |
_aBanerjee, Sreejata _eAuthor _974197 |
||
| 942 |
_2ddc _cEN _h330 _mKEA _e7 |
||
| 999 |
_c207115 _d207115 |
||